| 000 | 00637nam a22001697a 4500 | ||
|---|---|---|---|
| 999 |
_c18337 _d18337 |
||
| 003 | AR-CdUCM | ||
| 008 | 190513b ||||| |||| 00| 0 spa d | ||
| 040 |
_aMUNICIPALIDAD PROVINCIAL DEL CUSCO _cBIBLIOTECA MUNICIPAL DEL CUSCO |
||
| 082 |
_a933.5 / _bL93 |
||
| 100 |
_aLudwing, Emil _938855 |
||
| 245 |
_aHistoria de Alemania : _bdoble historia de un pueblo desde sus orígenes hasta nuestros días / |
||
| 260 |
_aMexico : _bDiana, _c1957. |
||
| 300 |
_a540 páginas ; _c20 cm. |
||
| 505 | _aAlbores en la selva -- El sueño de dominación mundial -- El divorcio entre el estado y el espíritu... | ||
| 942 |
_2ddc _cLIBROS |
||
| 945 | _awfj | ||